| 000 | 00766nam a2200253 a 4500 | ||
|---|---|---|---|
| 999 |
_c926 _d926 |
||
| 008 | 191108t2012 ii a|||g |||| 00| 0 eng d | ||
| 020 |
_a9788131785874 _cRs. 350.00 |
||
| 040 |
_aKO _beng |
||
| 041 | 0 | _aeng | |
| 044 | _aii | ||
| 082 | 0 | 4 |
_223 _a658.4092 _bG555 |
| 100 | 1 | _aGoetsch, David L. | |
| 245 | 1 | 0 |
_aEffective Leadership : _bStrategies for better results / _cDavid L. Goetsch, Daisy Chauhan and S. P. Chauhan |
| 260 |
_aNoida : _bDorling Kindersley (India) Pvt. Ltd. (Pearson Education) , _c2012 |
||
| 300 |
_axxiv, 302 p. : _bill. ; _c24 cm. |
||
| 440 | _aNetEffect Series | ||
| 504 | _aIncludes Index. | ||
| 650 | 0 | _aLeadership | |
| 700 |
_aChauhan, Daisy _eaut |
||
| 700 |
_aChauhan, S. P. _eaut |
||
| 904 | _aA_BOSE | ||
| 942 | _cBK | ||